000 00721nam a2200289Ia 4500
005 20260324133111.0
008 008 260324s9999 xx 000 0 eng d
020 _a9780203989050
037 _aEBOOK
040 _aCRL
040 _beng
040 _cCRL
041 _2eng
041 _aeng
084 _qCRL
100 _aDick Stegewerns
_91191794
245 0 _aNationalism and Internationalism in Imperial Japan
245 0 _bAutonomy, Asian Brotherhood, or World Citizenship?
260 _bTaylor and Francis
260 _c2003
365 _a
365 _b230
856 _uhttp://www.taylorfrancis.com/books/9780203989050
942 _cEBOOK
999 _c1790536
_d1790536